| 000 | 00836nam a22001577a 4500 | ||
|---|---|---|---|
| 005 | 20220221134911.0 | ||
| 008 | 220221b ||||| |||| 00| 0 eng d | ||
| 020 | _a9780415250542 | ||
| 050 | _aHG4538.D37 | ||
| 100 | _9Soysa,de Indra. | ||
| 245 |
_aForeign investment, democracy,and development: _bAssessing contours,correlates and concomitants of globalization _cIndra de Soysa. |
||
| 260 |
_aNew York: _bRoutledge, _c2005. |
||
| 300 |
_aviii, 149p _bill and diagrams. _c24cm. |
||
| 500 | _aContents:Introduction; Outline of study -- The contours of globalization -- Globalization and the development:theory old and new -- Globalization and growth empirics -- Democracy and growth:theory old and new -- Empirics of democracy and growth,and growth of democracy -- Assessing globalization's correlates and concomitants. | ||
| 942 |
_2lcc _cBK |
||
| 999 |
_c8746 _d16246 |
||